LEADER 00929nam0-2200325---450- 001 990009334880403321 005 20110325120958.0 035 $a000933488 035 $aFED01000933488 035 $a(Aleph)000933488FED01 035 $a000933488 100 $a20110325d1971----km-y0itay50------ba 101 0 $aeng 102 $aUS 105 $ay-------001yy 200 1 $aBrain development and behavior$fedited by M.B. Sterman, Dennis J. McGinty, Anthony M. Adinolfi 210 $aNew York ; London$cAcademic Press$d1971 215 $aXV, 386 p.$d24 cm 610 0 $aCervello$aSviluppo 676 $a612.82 702 1$aMcGinty,$bDennis J. 702 1$aSterman,$bM. Barry 702 1$aAdinolfi,$bAnthony M. 801 0$aIT$bUNINA$gRICA$2UNIMARC 901 $aBK 912 $a990009334880403321 952 $aIIIb C45$b8662$fDMVSF 959 $aDMVSF 996 $aBrain development and behavior$9766687 997 $aUNINA LEADER 02013nam 2200385 n 450 001 996391257703316 005 20221108074146.0 035 $a(CKB)4940000000106210 035 $a(EEBO)2240884354 035 $a(UnM)99859108 035 $a(EXLCZ)994940000000106210 100 $a19850711d1649 uy | 101 0 $aeng 135 $aurbn||||a|bb| 200 10$aKing Charls his tryal at the High Court of Justice sitting in Westminster Hall: begun on Saturday, Jan. 20. Ended Jan. 27. 1648$b[electronic resource] $ealso, His Majesties speech on the scaffold immediately before his execution, on Tuesday, Ian. 30. Together with the several speeches of Duke Hamilton, the Earl of Holland, and the Lord Capel, immediately before their execution on Friday, March 9. 1649 205 $aThe second edition, much enlarged, and faithfully corrected. 210 $aLondon $cPrinted by J.M. for Peter Cole, Francis Tyton, and John Playford$d1650 [i.e. 1649] 215 $a136 p 300 $aHas separate dated title page after p. 83 (pagination and signatures are continuous): The several speeches of Duke Hamilton, Earl of Cambridg, Henry Earl of Holland, and Arthur Lord Capel, upon the scaffold. 300 $aThomason received his copy in November 1649. 300 $aAnnotation on Thomason copy: "Nou: 22 1649". 300 $aReproduction of the original in the British Library. 330 $aeebo-0018 607 $aGreat Britain$xHistory$yCharles I, 1625-1649$vEarly works to 1800 701 $aHolland$b Henry Rich$cEarl of,$f1590-1649.$01002122 701 $aHamilton$b James Hamilton$cDuke of,$f1606-1649.$01005102 701 $aCapel of Hadham$b Arthur Capel$f1610?-1649.$01013713 801 0$bCu-RivES 801 1$bCu-RivES 801 2$bCStRLIN 801 2$bWaOLN 906 $aBOOK 912 $a996391257703316 996 $aKing Charls his tryal at the High Court of Justice sitting in Westminster Hall: begun on Saturday, Jan. 20. Ended Jan. 27. 1648$92358587 997 $aUNISA LEADER 01379nam 2200421 450 001 9910795531203321 005 20230814215059.0 010 $a90-8722-445-1 035 $a(CKB)5120000000125700 035 $a(MiAaPQ)EBC6176446 035 $a(EXLCZ)995120000000125700 100 $a20200731d2018 uy 0 101 0 $aeng 135 $aurcnu|||||||| 181 $ctxt$2rdacontent 182 $cc$2rdamedia 183 $acr$2rdacarrier 200 00$aTax incentives in the BEPS Era /$feditorial team, Madalina Cotrut [and four others] 210 1$aAmsterdam, The Netherlands :$cIBFD,$d[2018] 210 4$dİ2018 215 $a1 online resource (xxii, 308 pages) 225 1 $aIBFD tax research series ;$vVolume 3 311 $a90-8722-444-3 320 $aIncludes bibliographical references. 410 0$aIBFD tax research series ;$vVolume 3. 606 $aInternational business enterprises$xTaxation$xLaw and legislation 606 $aTax incentives$xLaw and legislation 615 0$aInternational business enterprises$xTaxation$xLaw and legislation. 615 0$aTax incentives$xLaw and legislation. 676 $a343.05267 702 $aCotrut$b Madalina 801 0$bMiAaPQ 801 1$bMiAaPQ 801 2$bMiAaPQ 906 $aBOOK 912 $a9910795531203321 996 $aTax incentives in the BEPS Era$93728219 997 $aUNINA